वही (Record no. 452625)

MARC details
000 -LEADER
fixed length control field 00404nam a2200145Ia 4500
008 - FIXED-LENGTH DATA ELEMENTS--GENERAL INFORMATION
fixed length control field 100204s9999 xx 000 0 und d
082 ## - DEWEY DECIMAL CLASSIFICATION NUMBER
Item number 8189
100 ## - MAIN ENTRY--PERSONAL NAME
Personal name महानोर ना. धों.
245 ## - TITLE STATEMENT
Title वही
260 ## - PUBLICATION, DISTRIBUTION, ETC. (IMPRINT)
Name of publisher, distributor, etc "पॉप्युलर प्रकाशन , मुंबई"
Date of publication, distribution, etc 1985 2
300 ## - PHYSICAL DESCRIPTION
Extent 64
630 ## - SUBJECT ADDED ENTRY--UNIFORM TITLE
Uniform title वही
730 ## - ADDED ENTRY--UNIFORM TITLE
Uniform title वही
942 ## - ADDED ENTRY ELEMENTS (KOHA)
Koha item type Book
Holdings
Withdrawn status Lost status Damaged status Not for loan Home library Current library Date acquired Cost, normal purchase price Total Checkouts Full call number Barcode Date last seen Cost, replacement price Price effective from Koha item type
        N. C. Kelkar Sarvajanik Library, Mulund N. C. Kelkar Sarvajanik Library, Mulund 02/04/2010 30.00   8189 NCKMULUND-8189 02/04/2010 30.00 02/04/2010 Book